| 000 | 00587nam a2200193 a 4500 | ||
|---|---|---|---|
| 005 | 20140310183333.0 | ||
| 008 | 060825s19uu xx 00 eng d | ||
| 020 | _a978007545783 | ||
| 050 |
_aHQ 772 _b.C536 2006 |
||
| 245 |
_aChild growth and development 06/07 / _cJun, Ellen N., editor. |
||
| 250 | _a13th ed. | ||
| 260 |
_aDubuque, IA : _bMcGraw-Hill Contemporary Learning Series, _c2006. |
||
| 300 |
_a207 p. : _bill. ; _c28 cm. |
||
| 521 | _aEDU | ||
| 650 |
_aChild growth and development _xPeriodicals. |
||
| 700 | _aBoyatzis, Chris | ||
| 942 |
_cBK _2lcc _kFOR |
||
| 999 |
_c21609 _d21609 |
||